| 000 -LEADER |
| fixed length control field |
02308nam a2200361 a 4500 |
| 001 - CONTROL NUMBER |
| control field |
ASIN0415598966 |
| 003 - CONTROL NUMBER IDENTIFIER |
| control field |
Nust- CAS-E |
| 005 - DATE AND TIME OF LATEST TRANSACTION |
| control field |
20180118181356.0 |
| 008 - FIXED-LENGTH DATA ELEMENTS--GENERAL INFORMATION |
| fixed length control field |
140305s2010 xxu eng d |
| 020 ## - INTERNATIONAL STANDARD BOOK NUMBER |
| International Standard Book Number |
0415598966 |
| Terms of availability |
$115.95 |
| 020 ## - INTERNATIONAL STANDARD BOOK NUMBER |
| International Standard Book Number |
9780415598965 |
| 040 ## - CATALOGING SOURCE |
| Transcribing agency |
0 |
| 050 04 - LIBRARY OF CONGRESS CALL NUMBER |
| Classification number |
TN295 |
| 082 04 - DEWEY DECIMAL CLASSIFICATION NUMBER |
| Classification number |
622.8 |
| Author Mark |
MIN 2010 |
| 245 10 - TITLE STATEMENT |
| Title |
Mine safety and efficient exploitation facing challenges of the 21st century : |
| Remainder of title |
international mining forum 2010 / |
| Statement of responsibility, etc. |
Liu Zegong, Jerzy Kicki, Hua Xinzhu, Yuan Shujie, Dai Guanglong, Eugeniusz J. Sobczyk. |
| 250 ## - EDITION STATEMENT |
| Edition statement |
1st ed. |
| 260 ## - PUBLICATION, DISTRIBUTION, ETC. |
| Place of publication, distribution, etc. |
[S.l.] : |
| Name of publisher, distributor, etc. |
CRC Press, |
| Date of publication, distribution, etc. |
2010. |
| 300 ## - PHYSICAL DESCRIPTION |
| Extent |
300 p. ; |
| Dimensions |
25 cm. |
| 520 ## - SUMMARY, ETC. |
| Summary, etc. |
The International Mining Forum is a meeting of scientists and professionals for exchanging new ideas and experiences, evaluate previously implemented solutions, and discuss fresh ideas that might change the mining industry’s image. In recent years theory and technology in mine safety and efficient exploitation has made considerable progress in China, Poland and other countries, due to the introduction of many new theories and technologies. The International Mining Forum 2010, jointly organized by Anhui University of Science and Technology (China), AGH University of Science and Technology (Poland) and Mineral and Energy Economy Research Institute of the Polish Academy of Sciences (Poland), has provided experts all over the world with an opportunity and platform to exchange information and ideas. Purpose of the forum was to promote research and development of mine safety, efficient exploitation theory and provide theoretical and technical support for mine safety improvement. This book is addressed to researchers and professionals who work in the fields of underground mining technology, rock engineering or mine management. |
| 650 #0 - SUBJECT ADDED ENTRY--TOPICAL TERM |
| Topical term or geographic name entry element |
Coal mines and mining--Safety measures |
| 650 #0 - SUBJECT ADDED ENTRY--TOPICAL TERM |
| Topical term or geographic name entry element |
Mine safety |
| 650 #0 - SUBJECT ADDED ENTRY--TOPICAL TERM |
| Topical term or geographic name entry element |
Mines and mineral resources |
| 650 #0 - SUBJECT ADDED ENTRY--TOPICAL TERM |
| Topical term or geographic name entry element |
Mining engineering |
| 650 #0 - SUBJECT ADDED ENTRY--TOPICAL TERM |
| Topical term or geographic name entry element |
Mining geology |
| 700 1# - ADDED ENTRY--PERSONAL NAME |
| Personal name |
Guanglong, Dai. |
| 700 1# - ADDED ENTRY--PERSONAL NAME |
| Personal name |
Kicki, Jerzy. |
| 700 1# - ADDED ENTRY--PERSONAL NAME |
| Personal name |
Shujie, Yuan. |
| 700 1# - ADDED ENTRY--PERSONAL NAME |
| Personal name |
Sobczyk, Eugeniusz J. |
| 700 1# - ADDED ENTRY--PERSONAL NAME |
| Personal name |
Xinzhu, Hua. |
| 700 1# - ADDED ENTRY--PERSONAL NAME |
| Personal name |
Zegong, Liu. |
| 856 40 - ELECTRONIC LOCATION AND ACCESS |
| Materials specified |
Amazon.com |
| Uniform Resource Identifier |
<a href="http://www.amazon.com/exec/obidos/ASIN/0415598966/chopaconline-20">http://www.amazon.com/exec/obidos/ASIN/0415598966/chopaconline-20</a> |
| 942 ## - ADDED ENTRY ELEMENTS (KOHA) |
| Source of classification or shelving scheme |
|
| Koha item type |
Book |